| Tag |
First Indicator |
Second Indicator |
Subfields |
| LEADER |
00000cam a2200000 4500 |
| 001 |
in00000047908 |
| 005 |
20151007075609.0 |
| 008 |
740227s1939 ohua b 00010 eng u |
| 010 |
|
|
|a 39020030
|
| 035 |
|
|
|a (OCoLC)00816340
|
| 035 |
|
|
|9 AAF3500AM
|
| 040 |
|
|
|c CSU
|d TXA
|d UtOrBLW
|
| 049 |
|
|
|a TXAM
|c [87506]
|
| 050 |
|
0 |
|a SB931
|b .O85
|
| 082 |
0 |
|
|a 632.7
|
| 092 |
|
|
|a 595.7
|b O81m
|
| 100 |
1 |
|
|a Osborn, Herbert,
|d 1856-1954.
|
| 245 |
1 |
0 |
|a Meadow and pasture insects /
|c by Herbert Osborn ... assisted by Mrs. Dorothy J. Knull, PH.D.
|
| 264 |
|
1 |
|a Columbus, O. :
|b The Educators' press,
|c [1939]
|
| 264 |
|
4 |
|c [©1939]
|
| 300 |
|
|
|a viii, 288 pages :
|b illustrations, diagrams ;
|c 24cm.
|
| 336 |
|
|
|a text
|b txt
|2 rdacontent
|
| 337 |
|
|
|a unmediated
|b n
|2 rdamedia
|
| 338 |
|
|
|a volume
|b nc
|2 rdacarrier
|
| 504 |
|
|
|a "References": pages 273-283.
|
| 650 |
|
0 |
|a Insect pests.
|
| 650 |
|
0 |
|a Beneficial insects.
|
| 700 |
1 |
|
|a Knull, Dorothy J.
|
| 999 |
|
|
|a MARS
|
| 999 |
f |
f |
|s ea5b9590-6c1b-36d7-99ff-f1b416c9da14
|i ea5d878c-bd77-3eb0-9ae9-64d5a5252145
|t 0
|
| 952 |
f |
f |
|p ric
|a Texas A&M University
|b Rellis Campus
|c Joint Library Facility
|s JLF
|d Remote Storage
|t 0
|e SB931 .O85
|h Library of Congress classification
|i unmediated -- volume
|m A14801013477
|
| 998 |
f |
f |
|a SB931 .O85
|t 0
|l Remote Storage
|